| 000 | 00323nam a2200121Ia 4500 | ||
|---|---|---|---|
| 005 | 20251222154433.0 | ||
| 008 | 251222s9999||||xx |||||||||||||| ||spa|| | ||
| 020 | _a978-987-591-123-9 | ||
| 082 | _a664.07/A21 | ||
| 100 | _a"Acosta, Raquel Susana" | ||
| 245 | 0 | _aSaneamiento ambiental e higiene de los alimentos | |
| 942 | _cLIB | ||
| 999 |
_c36493 _d36493 |
||